The Tebtunis Papyri. Vol. 3. Pt. 2 /

محفوظ في:

مؤلف مشترك: Egypt Exploration Society.

مؤلفون آخرون: Hunt, Arthur S., Smyly, J. Gilbart., Edgar, C. C.

التنسيق: كتاب

اللغة: English

منشور في: London : Egypt Exploration Society, 1938.

سلاسل: Graeco-Roman memoirs ; no. 25.
Graeco-Roman archaeology ; v. 4.

الموضوعات:

الوسوم: إضافة وسم

لا توجد وسوم, كن أول من يضع وسما على هذه التسجيلة!

رقم الطلب: PA3315 .T3 1938 v.3-2

LEADER 01205cam a2200337Mi 4500
001 ocn669226620
003 OCoLC
005 20240204104601.0
008 940907s1938 enkfh 001 0 eng d
043 |a f-ua--- 
050 4 |a PA3315  |b .T3 1938 v.3-2 
245 0 4 |a The Tebtunis Papyri.  |n Vol. 3.  |n Pt. 2 /  |c edited by Arthur S. Hunt and J. Gilbart Smyly and C.C. Edgar. 
264 1 |a London :  |b Egypt Exploration Society,  |c 1938. 
300 |a xxiii, 345 pages, iv leaves of plates ;  |c 26 cm. 
336 |a text  |b txt  |2 rdacontent 
337 |a unmediated  |b n  |2 rdamedia 
338 |a volume  |b nc  |2 rdacarrier 
490 1 |a Graeco-Roman memoirs ;  |v no. 25 
490 1 |a University of California publications. Graeco-Roman archaeology ;  |v v. 4 
500 |a Includes indexes. 
650 0 |a Manuscripts, Greek (Papyri)  |x Collections. 
650 0 |a Manuscripts, Greek (Papyri)  |z Egypt  |z Tebtunis. 
651 0 |a Tebtunis, Egypt. 
650 0 |a Manuscripts, Greek (Papyri) 
700 1 |a Hunt, Arthur S. 
700 1 |a Smyly, J. Gilbart. 
700 1 |a Edgar, C. C. 
710 2 |a Egypt Exploration Society. 
830 0 |a Graeco-Roman memoirs ;  |v no. 25. 
830 0 |a Graeco-Roman archaeology ;  |v v. 4. 
999 |c 56600  |d 56600